[Event "First Saturday 2012 marcius GM"]
[Site "Budapest"]
[Date "2012.03.12"]
[Round "2.5"]
[White "Kovalev, Andrei"]
[Black "Gonda, Laszlo"]
[Result "0-1"]
[WhiteElo "2493"]
[BlackElo "2536"]
[PlyCount "130"]
[EventDate "2012.03.03"]

1. e4 e5 2. Nf3 Nc6 3. Bb5 a6 4. Ba4 Nf6 5. O-O Be7 6. Re1 b5 7. Bb3 d6 8. c3
O-O 9. h3 Na5 10. Bc2 c5 11. d4 Nd7 12. d5 Nb6 13. Nbd2 Kh8 14. Nf1 Bd7 15. b3
Nb7 16. Ng3 g6 17. Bh6 Rg8 18. Qd2 a5 19. Ng5 Qe8 20. f4 f6 21. Nf3 Bf8 22.
fxe5 Bxh6 23. Qxh6 dxe5 24. Rf1 Qe7 25. Rf2 Qg7 26. Qe3 a4 27. Raf1 axb3 28.
axb3 Rgf8 29. Bd3 Qe7 30. b4 Na4 31. Qd2 Kg7 32. Ne2 Nd6 33. g4 h6 34. Rg2 cxb4
35. cxb4 Nb6 36. Qe1 Ra3 37. Nc1 Rc8 38. Bb1 Rcc3 39. Rgf2 Nbc4 40. Qe2 Re3 41.
Qd1 Nxe4 42. Bxe4 Rxe4 43. d6 Qe6 44. Nd3 Rxg4+ 45. hxg4 Ne3 46. Qe2 Qxg4+ 47.
Kh2 Qh3+ 48. Kg1 Qg3+ 49. Kh1 Nxf1 50. Rxf1 Bc6 51. d7 Qh3+ 52. Kg1 Qxd7 53.
Ndxe5 fxe5 54. Qxe5+ Kh7 55. Qf4 Bxf3 56. Rxf3 Rxf3 57. Qxf3 h5 58. Qf8 Qf5 59.
Qe7+ Kh6 60. Kh1 h4 61. Kh2 Qf2+ 62. Kh1 Qf1+ 63. Kh2 Qf4+ 64. Kh1 h3 65. Qe2
Qg5 0-1